Super Mario: All enemies in Super Mario 3D World - Statistics

General Stats
  • This quiz has been taken 312 times
  • The average score is 28 of 74
Answer Stats
Enemy % Correct
Cat Goombas
94%
Goombas
92%
Goomba Towers
92%
Micro Goombas
92%
Beach Koopas
87%
Koopa Troopas
87%
* Meowser
87%
* Bowser
86%
Big Boos
71%
Boos
71%
* Boom Boom
61%
Piranha Creepers
55%
Big Piranha Plants
54%
Fire Piranha Plants
54%
Piranha Plants
54%
Pom Pom
51%
Cat Bullet Bills
48%
Fire Bros.
48%
Hammer Bros.
48%
Bullet Bills
47%
Chargin' Chucks
42%
Ant Troopers
41%
Big Ant Troopers
41%
Cheep Cheeps
41%
Horned Ant Troopers
41%
* Prince Bully
41%
Spikes
40%
Boomerang Bros.
39%
Parabones
39%
Bullies
38%
Thwomps
37%
* King Ka-Thunk
35%
Magikoopas
35%
Bloopers
34%
* Hisstocrat
34%
* Queen Hisstocrat
34%
Spinies
33%
Big Galoombas
32%
Fuzzies
32%
Fuzzy Hordes
32%
Galoombas
32%
Bob-ombs
31%
* Boss Brolder
30%
Brolders
30%
Cat Banzai Bills
27%
Snow Pokeys
27%
Banzai Bills
26%
* Motley Bossblob
24%
Biddybuds
23%
Conkdors
23%
Ka-Thunks
23%
Para-Biddybuds
23%
Ty-Foos
22%
Lava Bubbles
21%
Peepas
21%
Rammerheads
21%
Skipsqueaks
21%
Spiny Skipsqueaks
21%
Octoombas
19%
Porcupuffers
18%
Blocksteppers
17%
Fizzlits
16%
Charvaarghs
15%
Coin Coffers
15%
Walleyes
15%
Madpoles
14%
Blurkers
13%
Hop-Chops
12%
Splorches
12%
Splounders
12%
Flopters
11%
Ring Burners
7%
Stingbies
6%
Fuzzlits
2%
No matching quizzes found
Score Distribution
Percent of People with Each Score
Percentile by Number Answered
Your Score History
You have not taken this quiz